[Event "Grenzturnering-A 1415"]
[Site "Denmark"]
[Date "2014.12.08"]
[Round "3"]
[White "Langer, Michel"]
[Black "Karstensen, Christian"]
[Result "1/2-1/2"]
[WhiteElo "1740"]
[BlackElo "1964"]
[PlyCount "47"]
[EventDate "2014.09.23"]
[EventType "tourn"]
[EventRounds "7"]
[EventCountry "DEN"]
[SourceTitle "EXT 2023"]
[Source "ChessBase"]
[SourceDate "2022.10.05"]
[SourceVersion "1"]
[SourceVersionDate "2022.10.05"]
[SourceQuality "1"]

1. e4 c5 2. f4 e6 3. Nf3 Nc6 4. Be2 Nge7 5. 0-0 g6 6. d3 Bg7 7. c3 d5 8. e5 0-0 9. d4 cxd4 10. Nxd4 Nxd4 11. Qxd4 Nc6 12. Qf2 Bd7 13. Be3 b6 14. Na3 f6 15. exf6 Qxf6 16. Nc2 Rae8 17. Bb5 Qd8 18. Bxc6 Bxc6 19. Nd4 Bb7 20. Qd2 e5 21. fxe5 Rxf1+ 22. Rxf1 Bxe5 23. Bh6 Qe7 24. Nf3 1/2-1/2